पशुओं का घरेलू इलाज / (Record no. 15184)

MARC details
000 -LEADER
fixed length control field 01241nam a22003377a 4500
005 - DATE AND TIME OF LATEST TRANSACTION
control field 20080828121646.0
008 - FIXED-LENGTH DATA ELEMENTS--GENERAL INFORMATION
fixed length control field 080828t xxu||||| |||| 00| 0 hin d
010 ## - LIBRARY OF CONGRESS CONTROL NUMBER
LC control number HIN-84110
020 ## - INTERNATIONAL STANDARD BOOK NUMBER
Terms of availability 80.00
International Standard Book Number 8188522317
035 ## - SYSTEM CONTROL NUMBER
System control number HN-56456
037 ## - SOURCE OF ACQUISITION
Stock number DBAD / PUB
040 ## - CATALOGING SOURCE
Original cataloging agency DPL
Language of cataloging HN
082 ## - DEWEY DECIMAL CLASSIFICATION NUMBER
Classification number 636.896
100 ## - MAIN ENTRY--PERSONAL NAME
Personal name गोयल, ओ.पी.
245 ## - TITLE STATEMENT
Title पशुओं का घरेलू इलाज /
Statement of responsibility, etc ओ.पी.गोयल
246 ## - VARYING FORM OF TITLE
Title proper/short title Pashuoon kaa gharelu ilaaja
Remainder of title by O.P.Goyal
260 ## - PUBLICATION, DISTRIBUTION, ETC. (IMPRINT)
Place of publication, distribution, etc मथुरा
Name of publisher, distributor, etc भाषा भवन
Date of publication, distribution, etc 2007
270 ## - ADDRESS
Address हालन गंज
City मथुरा
Postal code 281001
Telephone number आफिस 2406633
300 ## - PHYSICAL DESCRIPTION
Extent 128पृ
Dimensions 18सेमी (सजिल्द)
500 ## - GENERAL NOTE
General note
650 ## - SUBJECT ADDED ENTRY--TOPICAL TERM
Topical term or geographic name as entry element पशु चिकित्सा
650 ## - SUBJECT ADDED ENTRY--TOPICAL TERM
Topical term or geographic name as entry element Veterinery medicine
650 ## - SUBJECT ADDED ENTRY--TOPICAL TERM
Topical term or geographic name as entry element बीमारियां
650 ## - SUBJECT ADDED ENTRY--TOPICAL TERM
Topical term or geographic name as entry element Diseases
650 ## - SUBJECT ADDED ENTRY--TOPICAL TERM
Topical term or geographic name as entry element पशुधन
650 ## - SUBJECT ADDED ENTRY--TOPICAL TERM
Topical term or geographic name as entry element Livestock
650 ## - SUBJECT ADDED ENTRY--TOPICAL TERM
Topical term or geographic name as entry element Livestock
650 ## - SUBJECT ADDED ENTRY--TOPICAL TERM
Topical term or geographic name as entry element Poultry
942 ## - ADDED ENTRY ELEMENTS (KOHA)
Source of classification or shelving scheme Dewey Decimal Classification
Koha item type Hindi Books
Call number suffix गोयल
Classification part 636.896
Holdings
Withdrawn status Lost status Damaged status Not for loan Collection code Home library Current library Date acquired Source of acquisition Cost, normal purchase price Total Checkouts Full call number Barcode Date last seen Copy number Cost, replacement price Price effective from Koha item type
      Not For Loan Non-fiction D.B.Act.Division D.B.Act.Division 28/08/2008 DBAD / PUB 80.00   636.896 गोयल HN-56456 15/09/2008 1 80.00 15/09/2008 Hindi Books

© Delhi Public Library
Hit Counter
free hit counter